[Event "Sao Paulo Sampa op"]
[Site "Sao Paulo"]
[Date "2024.02.02"]
[Round "6"]
[White "Mendes Domingues, Ribeiro Matheus"]
[Black "Oliveira, Silvio Eduardo"]
[Result "0-1"]
[WhiteElo "2177"]
[BlackElo "2297"]
[PlyCount "43"]
[EventDate "2024.01.29"]
[EventType "swiss"]
[EventRounds "9"]
[EventCountry "BRA"]
[SourceTitle "CB06_2024"]
[SourceDate "2024.02.07"]
[SourceVersion "1"]
[SourceVersionDate "2024.02.07"]
[SourceQuality "1"]

1. c4 Nf6 2. Nc3 e5 3. Nf3 Nc6 4. e3 Bb4 5. Qc2 Bxc3 6. Qxc3 Qe7 7. Be2 0-0 8. 0-0 e4 9. Nd4 Nxd4 10. Qxd4 c5 11. Qc3 d5 12. d4 cxd4 13. exd4 dxc4 14. Bxc4 Be6 15. b3 Rfc8 16. Bg5 b5 17. d5 Nxd5 18. Bxe7 Nxc3 19. Bxe6 Ne2+ 20. Kh1 fxe6 21. Rfe1 Rc2 22. a3 0-1

[Event "Titled Tuesday intern op 03rd Jan Late"]
[Site "Chess.com INT"]
[Date "2023.01.03"]
[Round "2"]
[White "Kleiman, Jake"]
[Black "Oliveira, Silvio Eduardo"]
[Result "0-1"]
[WhiteElo "2399"]
[BlackElo "2297"]
[PlyCount "142"]
[EventDate "2023.01.03"]
[EventType "swiss (blitz)"]
[EventRounds "11"]
[EventCountry "USA"]
[SourceTitle "EXT 2024"]
[Source "ChessBase"]
[SourceDate "2023.10.10"]
[SourceVersion "1"]
[SourceVersionDate "2023.10.10"]
[SourceQuality "1"]

1. e4 e5 2. Nf3 Nc6 3. Bc4 Nf6 4. d3 h6 5. 0-0 Bc5 6. Re1 d6 7. c3 a6 8. Bb3 Ba7 9. Nbd2 Be6 10. Bc2 Ng4 11. Re2 Bxf2+ 12. Rxf2 Ne3 13. Qe2 Nxc2 14. Rb1 Bxa2 15. b3 Bxb1 16. Nxb1 Na1 17. Qa2 Nxb3 18. Qxb3 Qd7 19. d4 0-0 20. Be3 Rfe8 21. Nbd2 a5 22. d5 Ne7 23. c4 a4 24. Qa3 b5 25. c5 b4 26. Qxb4 a3 27. c6 Qc8 28. Rf1 Qa6 29. Qc3 Reb8 30. Ra1 a2 31. Ne1 Qa3 32. Qxa3 Rxa3 33. Kf2 f5 34. Nc2 Rc3 35. Rxa2 f4 36. Ba7 Ra8 37. Nb4 Nc8 38. Bd4 Rxa2 39. Bxc3 Ra3 40. Bb2 Ra4 41. Bc3 g5 42. Ke2 Kf7 43. Nc4 Na7 44. Kd3 Nb5 45. h3 h5 46. Bd2 g4 47. hxg4 hxg4 48. Nc2 Kf6 49. Ba5 Ra2 50. Bxc7 Nxc7 51. Nxd6 g3 52. Nc4 f3 53. N4e3 fxg2 54. Nxg2 Nb5 55. Nce3 Ra3+ 56. Ke2 Nd4+ 57. Kd2 Ra2+ 58. Kd3 Ke7 59. Kc4 Kd6 60. Kd3 Ra3+ 61. Kd2 Ra2+ 62. Kd3 Rf2 63. Nc4+ Kc7 64. Nce3 Nf3 65. Kc3 Ng5 66. Kd3 Nh3 67. Nh4 Nf4+ 68. Kc4 g2 69. Nhxg2 Nxg2 70. Nf5 Nf4 71. Ne3 Re2 0-1

[Event "Titled Tuesday intern op 03rd Jan Early"]
[Site "Chess.com INT"]
[Date "2023.01.03"]
[Round "10"]
[White "Oliveira, Silvio Eduardo"]
[Black "Dardha, Daniel"]
[Result "0-1"]
[WhiteElo "2297"]
[BlackElo "2613"]
[PlyCount "74"]
[EventDate "2023.01.03"]
[EventType "swiss (blitz)"]
[EventRounds "11"]
[EventCountry "USA"]
[SourceTitle "EXT 2024"]
[Source "ChessBase"]
[SourceDate "2023.10.10"]
[SourceVersion "1"]
[SourceVersionDate "2023.10.10"]
[SourceQuality "1"]

1. e4 e5 2. Nf3 Nc6 3. Bb5 Nf6 4. d3 d6 5. 0-0 a6 6. Ba4 b5 7. Bb3 Na5 8. d4 Nxb3 9. axb3 exd4 10. Nxd4 Bb7 11. Re1 Be7 12. Qf3 0-0 13. Nf5 Re8 14. Nc3 Qd7 15. Bg5 Bd8 16. Rad1 Qe6 17. Qg3 g6 18. Nh6+ Kg7 19. Qh4 Nxe4 20. Nxe4 Bxe4 21. Bxd8 Raxd8 22. f3 g5 23. Qxg5+ Qg6 24. Qxg6+ Bxg6 25. Ng4 Bxc2 26. Rxe8 Rxe8 27. Rc1 Re2 28. b4 c5 29. bxc5 dxc5 30. Nf2 c4 31. Ne4 Bxe4 32. fxe4 Rxb2 33. Rf1 c3 34. Rc1 c2 35. Kf2 b4 36. Ke3 b3 37. Kd2 a5 0-1

[Event "Titled Tuesday intern op 03rd Jan Early"]
[Site "Chess.com INT"]
[Date "2023.01.03"]
[Round "7"]
[White "Oliveira, Silvio Eduardo"]
[Black "Deac, Bogdan Daniel"]
[Result "1-0"]
[WhiteElo "2297"]
[BlackElo "2700"]
[PlyCount "55"]
[EventDate "2023.01.03"]
[EventType "swiss (blitz)"]
[EventRounds "11"]
[EventCountry "USA"]
[SourceTitle "EXT 2024"]
[Source "ChessBase"]
[SourceDate "2023.10.10"]
[SourceVersion "1"]
[SourceVersionDate "2023.10.10"]
[SourceQuality "1"]

1. e4 g6 2. d4 Bg7 3. Nf3 c6 4. Bd3 d5 5. Nbd2 Nh6 6. 0-0 0-0 7. Re1 a5 8. a4 Nd7 9. e5 f6 10. e6 Nb6 11. Nb3 Nc4 12. Qe2 Nd6 13. Bf4 f5 14. Ne5 Rf6 15. Qd2 Ng4 16. f3 Rxe6 17. fxg4 fxg4 18. Bh6 Rf6 19. Rf1 Qe8 20. Rae1 Bf5 21. Nc5 b6 22. Bxg7 Kxg7 23. Bxf5 Nxf5 24. Nxg4 Rd6 25. Ne6+ Kh8 26. Qf4 Qf7 27. Qe5+ Kg8 28. Rxf5 1-0

[Event "Titled Tuesday intern op 03rd Jan Late"]
[Site "Chess.com INT"]
[Date "2023.01.03"]
[Round "3"]
[White "Oliveira, Silvio Eduardo"]
[Black "Morefield, Jason P"]
[Result "0-1"]
[WhiteElo "2297"]
[BlackElo "2167"]
[PlyCount "136"]
[EventDate "2023.01.03"]
[EventType "swiss (blitz)"]
[EventRounds "11"]
[EventCountry "USA"]
[SourceTitle "EXT 2024"]
[Source "ChessBase"]
[SourceDate "2023.10.10"]
[SourceVersion "1"]
[SourceVersionDate "2023.10.10"]
[SourceQuality "1"]

1. e4 c5 2. Nf3 d6 3. d4 cxd4 4. Nxd4 Nf6 5. Nc3 Nc6 6. Bg5 e6 7. Qd2 a6 8. 0-0-0 Bd7 9. f4 Be7 10. Nf3 b5 11. Bxf6 gxf6 12. f5 Qb6 13. Kb1 0-0-0 14. Be2 Kb8 15. a3 Bc8 16. Rhe1 h5 17. g3 Bb7 18. Bf1 Rc8 19. fxe6 fxe6 20. Bh3 Ne5 21. Qd4 Qc7 22. Rf1 Ng4 23. Qd2 Rhd8 24. Nd4 Qd7 25. Nb3 Bf8 26. Bxg4 hxg4 27. Qe2 f5 28. exf5 exf5 29. Nd5 Qf7 30. Qd3 Bg7 31. Qxf5 Qxf5 32. Rxf5 Rf8 33. Rg5 Be5 34. Nb6 Rc7 35. Rxe5 dxe5 36. Nd7+ Rxd7 37. Rxd7 Rf1+ 38. Ka2 Rf2 39. Rd2 Rf1 40. Nc5 Bf3 41. Kb3 e4 42. Rd8+ Kc7 43. Ne6+ Kb6 44. Rd6+ Ka7 45. Nc5 e3 46. Rxa6+ Kb8 47. Re6 Bd5+ 48. Kc3 Bxe6 49. Kd3 Bc4+ 50. Kxe3 Rf3+ 51. Kd4 Rf2 52. b3 Bf7 53. Nd7+ Kc7 54. Ne5 Be6 55. c4 bxc4 56. bxc4 Rxh2 57. Nd3 Rc2 58. Nf4 Rxc4+ 59. Kd3 Bf7 60. Ne2 Ra4 61. Nf4 Rxa3+ 62. Ke2 Rxg3 63. Ke1 Rf3 64. Ng2 g3 65. Nh4 Rf2 66. Kd1 g2 67. Nxg2 Rxg2 68. Ke1 Bd5 0-1

[Event "Titled Tuesday intern op 03rd Jan Early"]
[Site "Chess.com INT"]
[Date "2023.01.03"]
[Round "8"]
[White "Svane, Rasmus"]
[Black "Oliveira, Silvio Eduardo"]
[Result "0-1"]
[WhiteElo "2620"]
[BlackElo "2297"]
[PlyCount "84"]
[EventDate "2023.01.03"]
[EventType "swiss (blitz)"]
[EventRounds "11"]
[EventCountry "USA"]
[SourceTitle "EXT 2024"]
[Source "ChessBase"]
[SourceDate "2023.10.10"]
[SourceVersion "1"]
[SourceVersionDate "2023.10.10"]
[SourceQuality "1"]

1. Nf3 Nf6 2. g3 e6 3. Bg2 d5 4. 0-0 Be7 5. c4 0-0 6. b3 b6 7. d4 Bb7 8. Nc3 Nbd7 9. Bb2 c5 10. Ne1 Rc8 11. cxd5 Nxd5 12. Nxd5 Bxd5 13. Bxd5 exd5 14. dxc5 Nxc5 15. Ng2 Ne6 16. Qd3 d4 17. Rfd1 Qd5 18. Ne3 Qh5 19. Nf5 Bf6 20. Rd2 Rfd8 21. Ba3 Rc3 22. Qe4 h6 23. h4 g6 24. Ne7+ Kg7 25. Rad1 Nc5 26. Bxc5 Qxc5 27. Nxg6 fxg6 28. b4 Qd6 29. h5 gxh5 30. Qf5 Qe5 31. Qxe5 Bxe5 32. Kg2 Kg6 33. b5 Bf6 34. e3 d3 35. a4 Kf5 36. Kf3 h4 37. gxh4 Bxh4 38. Rh1 Rc2 39. Rxc2 dxc2 40. Ke2 Rd1 41. Rxd1 cxd1Q+ 42. Kxd1 Bxf2 0-1

[Event "Titled Tuesday intern op 03rd Jan Early"]
[Site "Chess.com INT"]
[Date "2023.01.03"]
[Round "2"]
[White "Yaran, Siar"]
[Black "Oliveira, Silvio Eduardo"]
[Result "1/2-1/2"]
[WhiteElo "2288"]
[BlackElo "2297"]
[PlyCount "122"]
[EventDate "2023.01.03"]
[EventType "swiss (blitz)"]
[EventRounds "11"]
[EventCountry "USA"]
[SourceTitle "EXT 2024"]
[Source "ChessBase"]
[SourceDate "2023.10.10"]
[SourceVersion "1"]
[SourceVersionDate "2023.10.10"]
[SourceQuality "1"]

1. d4 Nf6 2. c4 e6 3. Nc3 d5 4. Bg5 Be7 5. e3 h6 6. Bh4 0-0 7. Nf3 b6 8. Bd3 dxc4 9. Bxc4 Bb7 10. 0-0 Nbd7 11. Qe2 Nd5 12. Bg3 N7f6 13. Rfc1 Nxc3 14. Rxc3 Ne4 15. Rc2 Nxg3 16. hxg3 c5 17. Ba6 Be4 18. Bd3 Bxd3 19. Qxd3 Qd5 20. e4 Qd7 21. Rd1 Rfd8 22. Qa6 Bf6 23. d5 exd5 24. Rxd5 Qg4 25. Re2 Rxd5 26. exd5 Qd7 27. Qc4 Rc8 28. a4 Rd8 29. Rd2 g5 30. g4 Kg7 31. b3 Qd6 32. g3 Re8 33. Kg2 Re7 34. Qb5 Rd7 35. Qc4 Re7 36. Qb5 Re4 37. Qc6 Be7 38. Nh2 Rd4 39. Rxd4 cxd4 40. Qxd6 Bxd6 41. Kf3 d3 42. Nf1 Bc5 43. Ke4 Bxf2 44. Kxd3 Kf6 45. Ke4 a6 46. b4 b5 47. axb5 axb5 48. Ne3 Be1 49. Nf5 Bxb4 50. d6 Ke6 51. d7 Kxd7 52. Nxh6 Bd6 53. Kd5 Bxg3 54. Nxf7 b4 55. Kc4 Be1 56. Nxg5 Ke7 57. Ne4 Ke6 58. Kd4 b3 59. Nc5+ Kf6 60. Nxb3 Kg5 61. Ke4 Kxg4 1/2-1/2

[Event "Titled Tuesday intern op 16th Nov"]
[Site "Chess.com INT"]
[Date "2021.11.16"]
[Round "10"]
[White "Oliveira, Silvio Eduardo"]
[Black "Garagulya, Konstantin"]
[Result "0-1"]
[WhiteElo "2303"]
[BlackElo "2389"]
[PlyCount "50"]
[EventDate "2021.11.16"]
[EventType "swiss (blitz)"]
[EventRounds "11"]
[EventCountry "USA"]
[SourceTitle "CBM 205 Extra"]
[Source "ChessBase"]
[SourceDate "2022.01.31"]
[SourceVersion "1"]
[SourceVersionDate "2022.01.31"]
[SourceQuality "1"]

1. e4 c5 2. Nf3 a6 3. d4 cxd4 4. c3 d5 5. exd5 Qxd5 6. cxd4 Nf6 7. Nc3 Qd6 8. Ne5 e6 9. Bg5 Be7 10. Bd3 0-0 11. 0-0 Rd8 12. Qf3 Qxd4 13. Rfe1 Nbd7 14. Nxd7 Bxd7 15. Rad1 Qc5 16. Be3 Qb4 17. a3 Qxb2 18. Bc1 Qb3 19. Ne4 Ba4 20. Nxf6+ Bxf6 21. Qh3 g6 22. Qf3 Bg7 23. Bg5 Rd5 24. h4 h6 25. Bf4 Rad8 0-1

[Event "Titled Tuesday intern op 16th Nov"]
[Site "Chess.com INT"]
[Date "2021.11.16"]
[Round "1"]
[White "Oliveira, Silvio Eduardo"]
[Black "Wahlund, Max"]
[Result "1-0"]
[WhiteElo "2303"]
[BlackElo "2079"]
[PlyCount "127"]
[EventDate "2021.11.16"]
[EventType "swiss (blitz)"]
[EventRounds "11"]
[EventCountry "USA"]
[SourceTitle "CBM 205 Extra"]
[Source "ChessBase"]
[SourceDate "2022.01.31"]
[SourceVersion "1"]
[SourceVersionDate "2022.01.31"]
[SourceQuality "1"]

1. e4 e5 2. Nf3 Nc6 3. Bb5 f5 4. d3 fxe4 5. dxe4 Nf6 6. 0-0 Bc5 7. Bxc6 bxc6 8. Nxe5 Qe7 9. Nd3 Nxe4 10. Nxc5 Nxc5 11. Qh5+ g6 12. Qh6 Ne6 13. Nc3 Qg7 14. Qh4 0-0 15. Bh6 Qf6 16. Qg3 Rf7 17. h4 Ba6 18. Rfe1 Ng7 19. Bg5 Qd6 20. Qg4 Qc5 21. Re3 Qf5 22. Qxf5 Nxf5 23. Re5 h6 24. Be3 Nxh4 25. Bxh6 Kh7 26. Be3 Raf8 27. Re1 d6 28. Ra5 Bc4 29. Ne4 Rf5 30. Ng5+ Kg8 31. Rxa7 Bd5 32. f3 c5 33. Kf2 c6 34. Rh1 Nxg2 35. Kxg2 Bxf3+ 36. Nxf3 Rxf3 37. Rhh7 R3f7 38. Raxf7 Rxf7 39. Rxf7 Kxf7 40. a4 Ke6 41. a5 Kd7 42. Bf4 Kc8 43. Bxd6 Kb7 44. Bxc5 Ka6 45. b4 Kb5 46. Kg3 g5 47. Kg4 Ka4 48. Kxg5 Kb5 49. Kf5 Ka6 50. Ke6 Kb7 51. Kd6 Ka6 52. c3 Kb7 53. c4 Ka6 54. Be3 Kb7 55. Bd2 Ka6 56. Kxc6 Ka7 57. b5 Ka8 58. a6 Ka7 59. Be3+ Ka8 60. b6 Kb8 61. Bf4+ Ka8 62. b7+ Ka7 63. b8Q+ Kxa6 64. Qa8# 1-0

[Event "BRA-ch 87th"]
[Site "Cuiaba"]
[Date "2021.11.03"]
[Round "10"]
[White "Oliveira, Silvio Eduardo"]
[Black "Mekhitarian, Krikor Sevag"]
[Result "1/2-1/2"]
[WhiteElo "2321"]
[BlackElo "2560"]
[PlyCount "75"]
[EventDate "2021.10.28"]
[EventType "swiss"]
[EventRounds "11"]
[EventCountry "BRA"]
[SourceTitle "CBM 205 Extra"]
[Source "ChessBase"]
[SourceDate "2022.01.31"]
[SourceVersion "1"]
[SourceVersionDate "2022.01.31"]
[SourceQuality "1"]

1. e4 c5 2. Nf3 d6 3. d4 cxd4 4. Nxd4 Nf6 5. Nc3 a6 6. f3 e5 7. Nb3 Be6 8. Be3 Be7 9. Qd2 h5 10. Nd5 Nxd5 11. exd5 Bf5 12. Be2 a5 13. a4 Nd7 14. 0-0 0-0 15. f4 exf4 16. Bxf4 Rc8 17. c3 Nf6 18. Be3 Bg6 19. Bb5 Ng4 20. Bf4 Ne5 21. Rad1 Bf6 22. h3 h4 23. Rde1 Bh7 24. Nd4 Rc7 25. b3 Rc5 26. Nf3 Ng6 27. Bg5 Bxc3 28. Bxd8 Bxd2 29. Nxd2 Rxd8 30. Nc4 f6 31. Nxa5 Rc7 32. Rc1 Re7 33. Rc4 Ne5 34. Rxh4 Rc7 35. Rd4 Bg6 36. Nc4 Bd3 37. Re1 Bxc4 38. Bxc4 1/2-1/2

[Event "BRA-ch 87th"]
[Site "Cuiaba"]
[Date "2021.11.02"]
[Round "8"]
[White "Oliveira, Silvio Eduardo"]
[Black "Do Nascimento, Christian Almeida"]
[Result "1-0"]
[WhiteElo "2321"]
[BlackElo "2037"]
[PlyCount "45"]
[EventDate "2021.10.28"]
[EventType "swiss"]
[EventRounds "11"]
[EventCountry "BRA"]
[SourceTitle "CBM 205 Extra"]
[Source "ChessBase"]
[SourceDate "2022.01.31"]
[SourceVersion "1"]
[SourceVersionDate "2022.01.31"]
[SourceQuality "1"]

1. e4 c5 2. Nf3 g6 3. d4 cxd4 4. Nxd4 Bg7 5. c4 Nc6 6. Be3 Nh6 7. h3 0-0 8. Nxc6 dxc6 9. Qc1 Qa5+ 10. Nc3 Qh5 11. Be2 Bg4 12. f3 Be6 13. g4 Qe5 14. Bxh6 Qg3+ 15. Kf1 Bxc4 16. Qf4 Bxe2+ 17. Nxe2 Qxf4 18. Bxf4 f5 19. gxf5 gxf5 20. e5 Rad8 21. Rg1 Kf7 22. e6+ Kf6 23. Re1 1-0

[Event "BRA-ch 87th"]
[Site "Cuiaba"]
[Date "2021.11.01"]
[Round "7"]
[White "Souza Neves, Andrey Marcelo"]
[Black "Oliveira, Silvio Eduardo"]
[Result "0-1"]
[WhiteElo "2087"]
[BlackElo "2321"]
[PlyCount "68"]
[EventDate "2021.10.28"]
[EventType "swiss"]
[EventRounds "11"]
[EventCountry "BRA"]
[SourceTitle "CBM 205 Extra"]
[Source "ChessBase"]
[SourceDate "2022.01.31"]
[SourceVersion "1"]
[SourceVersionDate "2022.01.31"]
[SourceQuality "1"]

1. e4 c5 2. c3 Nf6 3. e5 Nd5 4. Nf3 d6 5. Bc4 Nb6 6. Bb3 c4 7. Bc2 dxe5 8. Nxe5 Qd5 9. Nf3 Bf5 10. 0-0 e6 11. b3 Nc6 12. Bxf5 Qxf5 13. Na3 Bxa3 14. Bxa3 0-0-0 15. Qe2 Nd5 16. Qxc4 Nf4 17. g3 g5 18. Nxg5 Nd3 19. f4 Rd7 20. b4 a6 21. Rab1 h6 22. Ne4 Rd5 23. b5 axb5 24. Rxb5 Rhd8 25. Rfb1 Rxb5 26. Rxb5 Qg4 27. Rc5 Qd1+ 28. Kg2 Qe2+ 29. Kh3 Qxe4 30. Qxe4 Nf2+ 31. Kh4 Nxe4 32. Rh5 Rxd2 33. h3 Rxa2 34. Bf8 Rc2 0-1

[Event "BRA-ch 87th"]
[Site "Cuiaba"]
[Date "2021.10.28"]
[Round "1"]
[White "Rezende, Uelton Fabricius Al"]
[Black "Oliveira, Silvio Eduardo"]
[Result "0-1"]
[WhiteElo "1784"]
[BlackElo "2321"]
[PlyCount "59"]
[EventDate "2021.10.28"]
[EventType "swiss"]
[EventRounds "11"]
[EventCountry "BRA"]
[SourceTitle "CBM 205 Extra"]
[Source "ChessBase"]
[SourceDate "2022.01.31"]
[SourceVersion "1"]
[SourceVersionDate "2022.01.31"]
[SourceQuality "1"]

1. e4 c5 2. Nc3 Nc6 3. f4 g6 4. Nf3 Bg7 5. Bc4 e6 6. 0-0 Nge7 7. a3 d5 8. exd5 exd5 9. Ba2 0-0 10. d3 Nd4 11. Ne2 Bg4 12. Nexd4 Bxd4+ 13. Kh1 Nf5 14. c3 Be3 15. Qb3 Bxc1 16. Raxc1 Ne3 17. Rf2 Qc7 18. Ne5 Be6 19. a4 f6 20. Re1 Rfe8 21. d4 c4 22. Qa3 fxe5 23. Rxe3 exf4 24. Re5 Bg4 25. Rxf4 Rxe5 26. dxe5 Qxe5 27. Rf1 Qe2 28. Rg1 Re8 29. Qc5 Qe4 30. Qb4 0-1

[Event "Sao Jose dos Campos op"]
[Site "Sao Jose dos Campos"]
[Date "2021.10.12"]
[Round "6"]
[White "Nunes, Agatha Hurba"]
[Black "Oliveira, Silvio Eduardo"]
[Result "0-1"]
[WhiteElo "1797"]
[BlackElo "2321"]
[PlyCount "60"]
[EventDate "2021.10.09"]
[EventType "swiss"]
[EventRounds "7"]
[EventCountry "BRA"]
[SourceTitle "CBM 204 Extra"]
[Source "ChessBase"]
[SourceDate "2021.11.30"]
[SourceVersion "1"]
[SourceVersionDate "2021.11.30"]
[SourceQuality "1"]

1. d4 Nf6 2. c4 g6 3. Nc3 Bg7 4. e4 d6 5. Nf3 0-0 6. Be2 e5 7. d5 a5 8. Bg5 h6 9. Bh4 Na6 10. 0-0 g5 11. Bg3 Nh5 12. Nd2 Nf4 13. f3 Bd7 14. b3 Nc5 15. Rb1 Qe7 16. a3 h5 17. b4 axb4 18. axb4 Na4 19. Nxa4 Rxa4 20. Bf2 Ra2 21. Re1 g4 22. Kh1 Qg5 23. Be3 g3 24. Nf1 h4 25. Bxf4 exf4 26. Bd3 h3 27. Re2 hxg2+ 28. Rxg2 Rxg2 29. Kxg2 gxh2+ 30. Kxh2 Qh4+ 0-1

[Event "Sao Jose dos Campos op"]
[Site "Sao Jose dos Campos"]
[Date "2021.10.12"]
[Round "7"]
[White "Oliveira, Silvio Eduardo"]
[Black "De Jesus, Joao Pedro Mendez"]
[Result "1-0"]
[WhiteElo "2321"]
[BlackElo "1600"]
[PlyCount "61"]
[EventDate "2021.10.09"]
[EventType "swiss"]
[EventRounds "7"]
[EventCountry "BRA"]
[SourceTitle "CBM 204 Extra"]
[Source "ChessBase"]
[SourceDate "2021.11.30"]
[SourceVersion "1"]
[SourceVersionDate "2021.11.30"]
[SourceQuality "1"]

1. e4 c5 2. Nf3 d6 3. Bb5+ Nd7 4. a4 Ngf6 5. Nc3 g6 6. 0-0 Bg7 7. Re1 0-0 8. a5 Rb8 9. d4 cxd4 10. Nxd4 a6 11. Bf1 Ne5 12. h3 Bd7 13. Bg5 Nc6 14. Nb3 Be6 15. Nd5 Bxd5 16. exd5 Ne5 17. Ra4 Re8 18. Be3 Ned7 19. g4 Nc5 20. Nxc5 dxc5 21. Bg2 b5 22. axb6 Qxb6 23. b3 Qd6 24. Bf4 e5 25. dxe6 Qxd1 26. Rxd1 Rb6 27. exf7+ Kxf7 28. g5 Nh5 29. Bd5+ Kf8 30. Bc7 Rb4 31. Bd6+ 1-0

[Event "Titled Tuesday intern op 24th Aug"]
[Site "Chess.com INT"]
[Date "2021.08.24"]
[Round "1"]
[White "Popadic, Dragan"]
[Black "Oliveira, Silvio Eduardo"]
[Result "0-1"]
[WhiteElo "2155"]
[BlackElo "2321"]
[PlyCount "40"]
[EventDate "2021.08.24"]
[EventType "swiss (blitz)"]
[EventRounds "11"]
[EventCountry "USA"]
[SourceTitle "EXT 2022"]
[Source "ChessBase"]
[SourceDate "2021.10.06"]
[SourceVersion "1"]
[SourceVersionDate "2021.10.06"]
[SourceQuality "1"]

1. e4 e5 2. d4 exd4 3. Qxd4 Nc6 4. Qe3 Nf6 5. Nc3 Bb4 6. Bd2 0-0 7. 0-0-0 Re8 8. Qg3 d6 9. f3 Be6 10. Kb1 Ne5 11. Nh3 Nh5 12. Qf2 Bc5 13. Qe1 Bxh3 14. gxh3 Nxf3 15. Qe2 Nxd2+ 16. Qxd2 Qh4 17. Bd3 Qxh3 18. Nd5 Rac8 19. Rdf1 c6 20. Ne3 Qxe3 0-1

[Event "Titled Tuesday intern op 17th Aug"]
[Site "Chess.com INT"]
[Date "2021.08.17"]
[Round "2"]
[White "Kukhmazov, Arsen"]
[Black "Oliveira, Silvio Eduardo"]
[Result "1-0"]
[WhiteElo "2466"]
[BlackElo "2321"]
[PlyCount "43"]
[EventDate "2021.08.17"]
[EventType "swiss (blitz)"]
[EventRounds "11"]
[EventCountry "USA"]
[SourceTitle "EXT 2022"]
[Source "ChessBase"]
[SourceDate "2021.10.06"]
[SourceVersion "1"]
[SourceVersionDate "2021.10.06"]
[SourceQuality "1"]

1. b3 e5 2. Bb2 Nc6 3. e3 Nf6 4. Bb5 Qe7 5. Nf3 e4 6. Nd4 Qe5 7. Be2 Qg5 8. 0-0 d5 9. Nxc6 bxc6 10. f4 exf3 11. Bxf3 Bd6 12. Nc3 h5 13. Ne2 Bxh2+ 14. Kxh2 Ng4+ 15. Kg1 Qh4 16. Bxg4 hxg4 17. Qe1 Qh2+ 18. Kf2 g3+ 19. Nxg3 Bh3 20. Rg1 Rh6 21. Qf1 Rg6 22. Be5 1-0

[Event "Titled Tuesday intern op 17th Aug"]
[Site "Chess.com INT"]
[Date "2021.08.17"]
[Round "9"]
[White "Lopez Gracia, Fernando"]
[Black "Oliveira, Silvio Eduardo"]
[Result "1-0"]
[WhiteElo "2289"]
[BlackElo "2321"]
[PlyCount "59"]
[EventDate "2021.08.17"]
[EventType "swiss (blitz)"]
[EventRounds "11"]
[EventCountry "USA"]
[SourceTitle "EXT 2022"]
[Source "ChessBase"]
[SourceDate "2021.10.06"]
[SourceVersion "1"]
[SourceVersionDate "2021.10.06"]
[SourceQuality "1"]

1. c4 e6 2. Nf3 d5 3. e3 Nf6 4. b3 b6 5. g3 Bb7 6. Bg2 c5 7. cxd5 Nxd5 8. Bb2 Nd7 9. 0-0 N5f6 10. d4 cxd4 11. Nxd4 Bxg2 12. Kxg2 Qc7 13. Nc3 Qb7+ 14. Qf3 Qxf3+ 15. Nxf3 Rc8 16. Rac1 Be7 17. Nb5 0-0 18. Nxa7 Rxc1 19. Rxc1 Ra8 20. Nc6 Bf8 21. a4 Nd5 22. Nce5 Nc5 23. Bd4 Nxb3 24. Rb1 Nxd4 25. Nxd4 Rxa4 26. Nd7 Rb4 27. Ra1 Nc7 28. Rc1 Bd6 29. Rc6 Ne8 30. Rc8 1-0

[Event "Titled Tuesday intern op 17th Aug"]
[Site "Chess.com INT"]
[Date "2021.08.17"]
[Round "3"]
[White "Oliveira, Silvio Eduardo"]
[Black "Deuer, Marius"]
[Result "1-0"]
[WhiteElo "2321"]
[BlackElo "2163"]
[PlyCount "51"]
[EventDate "2021.08.17"]
[EventType "swiss (blitz)"]
[EventRounds "11"]
[EventCountry "USA"]
[SourceTitle "EXT 2022"]
[Source "ChessBase"]
[SourceDate "2021.10.06"]
[SourceVersion "1"]
[SourceVersionDate "2021.10.06"]
[SourceQuality "1"]

1. e4 c6 2. d4 d5 3. exd5 cxd5 4. Bd3 Nf6 5. c3 Bg4 6. Ne2 e6 7. h3 Bxe2 8. Qxe2 Bd6 9. Nd2 0-0 10. Nf3 Nc6 11. Bg5 h6 12. Bh4 Re8 13. Ne5 Be7 14. f4 Ne4 15. Bxe7 Qxe7 16. Bxe4 Nxe5 17. fxe5 dxe4 18. Qxe4 Rad8 19. 0-0 Rd5 20. Rf3 b5 21. Raf1 Rf8 22. Rg3 Kh8 23. Qg4 f5 24. exf6 Rxf6 25. Re1 Qd6 26. Qxg7# 1-0

[Event "Titled Tuesday intern op 17th Aug"]
[Site "Chess.com INT"]
[Date "2021.08.17"]
[Round "7"]
[White "Oliveira, Silvio Eduardo"]
[Black "Mikhnenko, Alexander"]
[Result "0-1"]
[WhiteElo "2321"]
[BlackElo "2081"]
[PlyCount "52"]
[EventDate "2021.08.17"]
[EventType "swiss (blitz)"]
[EventRounds "11"]
[EventCountry "USA"]
[SourceTitle "EXT 2022"]
[Source "ChessBase"]
[SourceDate "2021.10.06"]
[SourceVersion "1"]
[SourceVersionDate "2021.10.06"]
[SourceQuality "1"]

1. e4 d6 2. d4 Nf6 3. Nc3 e5 4. Nge2 Nbd7 5. g3 Be7 6. Bg2 c6 7. a4 0-0 8. 0-0 Qc7 9. h3 Re8 10. g4 g6 11. Ng3 Bf8 12. Be3 Bg7 13. Qd2 Nf8 14. f4 exd4 15. Bxd4 Ne6 16. Be3 a5 17. Rad1 d5 18. exd5 cxd5 19. g5 Ne4 20. Ngxe4 dxe4 21. Nxe4 Rd8 22. Qf2 Rxd1 23. Rxd1 Bd7 24. f5 gxf5 25. Qxf5 Nd4 26. Nf2 Nxf5 0-1

[Event "Titled Tuesday intern op 20th July"]
[Site "Chess.com INT"]
[Date "2021.07.20"]
[Round "1"]
[White "Nilssen, Ellen Fredericia"]
[Black "Oliveira, Silvio Eduardo"]
[Result "0-1"]
[WhiteElo "2081"]
[BlackElo "2321"]
[PlyCount "94"]
[EventDate "2021.07.20"]
[EventType "swiss (blitz)"]
[EventRounds "11"]
[EventCountry "USA"]
[SourceTitle "CBM 203 Extra"]
[Source "ChessBase"]
[SourceDate "2021.09.30"]
[SourceVersion "1"]
[SourceVersionDate "2021.09.30"]
[SourceQuality "1"]

1. c4 e6 2. g3 d5 3. Bg2 Nf6 4. Nf3 Be7 5. 0-0 0-0 6. b3 b6 7. Bb2 Bb7 8. d3 c5 9. Nbd2 d4 10. Qc2 Qc7 11. e3 e5 12. a3 Nc6 13. e4 a5 14. Nh4 g6 15. Rae1 Nh5 16. Nhf3 Bf6 17. Bc1 Nd8 18. h3 Bc8 19. Nh2 Bd7 20. Nb1 Qc8 21. g4 Nf4 22. Bxf4 exf4 23. e5 Bg7 24. Bxa8 Qxa8 25. Qd2 g5 26. b4 axb4 27. axb4 Nc6 28. b5 Nxe5 29. Re4 f5 30. gxf5 Bxf5 31. Rfe1 Bxe4 32. Rxe4 Qa1 33. Qe1 Nxd3 34. Qd1 Nb2 35. Qc1 d3 36. Re1 Qa2 37. Nd2 Na4 38. Nhf3 Nc3 39. Kg2 h6 40. h4 g4 41. Ne5 Qa8+ 42. Kg1 Ne2+ 43. Rxe2 dxe2 44. Nxg4 Qa1 45. Qxa1 Bxa1 46. Nf3 h5 47. Ngh2 Bc3 0-1